<?xml version="1.0" encoding="UTF-8"?>
<record
    xmlns:xsi="http://www.w3.org/2001/XMLSchema-instance"
    xsi:schemaLocation="http://www.loc.gov/MARC21/slim http://www.loc.gov/standards/marcxml/schema/MARC21slim.xsd"
    xmlns="http://www.loc.gov/MARC21/slim">

  <leader>00538nam a22002177a 4500</leader>
  <controlfield tag="003">3228</controlfield>
  <controlfield tag="005">20250819152906.0</controlfield>
  <controlfield tag="008">240430b        sa ||||e |||| 00| 1 eng d</controlfield>
  <datafield tag="020" ind1=" " ind2=" ">
    <subfield code="a">9780008286972</subfield>
    <subfield code="q">Paperback</subfield>
  </datafield>
  <datafield tag="040" ind1=" " ind2=" ">
    <subfield code="a">MPL</subfield>
    <subfield code="c">3228</subfield>
  </datafield>
  <datafield tag="050" ind1=" " ind2=" ">
    <subfield code="a">EF LEWI</subfield>
  </datafield>
  <datafield tag="082" ind1=" " ind2=" ">
    <subfield code="a">EF LEWI</subfield>
  </datafield>
  <datafield tag="100" ind1=" " ind2=" ">
    <subfield code="a">Lewis, Susan</subfield>
  </datafield>
  <datafield tag="245" ind1=" " ind2=" ">
    <subfield code="a">The Lost hours /</subfield>
    <subfield code="c">Lewis,Susan </subfield>
  </datafield>
  <datafield tag="260" ind1=" " ind2=" ">
    <subfield code="a">London</subfield>
    <subfield code="b">Harper Collins publishers</subfield>
    <subfield code="c">2021</subfield>
  </datafield>
  <datafield tag="300" ind1=" " ind2=" ">
    <subfield code="a">459 pages;</subfield>
    <subfield code="c">20 cm.</subfield>
  </datafield>
  <datafield tag="521" ind1=" " ind2=" ">
    <subfield code="a">Adult</subfield>
  </datafield>
  <datafield tag="942" ind1=" " ind2=" ">
    <subfield code="2">ddc</subfield>
    <subfield code="c">BOOK</subfield>
    <subfield code="y">164</subfield>
    <subfield code="z">Cyprian Zikalala</subfield>
  </datafield>
  <datafield tag="942" ind1=" " ind2=" ">
    <subfield code="2">ddc</subfield>
    <subfield code="c">BOOK</subfield>
  </datafield>
  <datafield tag="942" ind1=" " ind2=" ">
    <subfield code="2">ddc</subfield>
    <subfield code="c">BOOK</subfield>
  </datafield>
  <datafield tag="999" ind1=" " ind2=" ">
    <subfield code="c">763448</subfield>
    <subfield code="d">763447</subfield>
  </datafield>
  <datafield tag="952" ind1=" " ind2=" ">
    <subfield code="0">0</subfield>
    <subfield code="1">0</subfield>
    <subfield code="2">ddc</subfield>
    <subfield code="4">0</subfield>
    <subfield code="7">0</subfield>
    <subfield code="a">MIDDL</subfield>
    <subfield code="b">JEREL</subfield>
    <subfield code="d">2024-04-30</subfield>
    <subfield code="l">0</subfield>
    <subfield code="o">EF LEWI</subfield>
    <subfield code="p">33228031157641</subfield>
    <subfield code="r">2024-04-30</subfield>
    <subfield code="w">2024-04-30</subfield>
    <subfield code="y">BK</subfield>
  </datafield>
  <datafield tag="952" ind1=" " ind2=" ">
    <subfield code="0">0</subfield>
    <subfield code="1">0</subfield>
    <subfield code="2">ddc</subfield>
    <subfield code="4">0</subfield>
    <subfield code="7">0</subfield>
    <subfield code="8">F</subfield>
    <subfield code="a">STANRL</subfield>
    <subfield code="b">SECL</subfield>
    <subfield code="c">FIC</subfield>
    <subfield code="d">2024-09-26</subfield>
    <subfield code="g">280.00</subfield>
    <subfield code="l">0</subfield>
    <subfield code="o">EF LEWI</subfield>
    <subfield code="p">33228031152023</subfield>
    <subfield code="r">2024-09-26</subfield>
    <subfield code="w">2024-09-26</subfield>
    <subfield code="y">BK</subfield>
  </datafield>
  <datafield tag="952" ind1=" " ind2=" ">
    <subfield code="0">0</subfield>
    <subfield code="1">0</subfield>
    <subfield code="2">ddc</subfield>
    <subfield code="4">0</subfield>
    <subfield code="7">0</subfield>
    <subfield code="8">F</subfield>
    <subfield code="a">STANRL</subfield>
    <subfield code="b">SECL</subfield>
    <subfield code="c">FIC</subfield>
    <subfield code="d">2024-09-26</subfield>
    <subfield code="g">280.00</subfield>
    <subfield code="l">0</subfield>
    <subfield code="o">EF LEWI</subfield>
    <subfield code="p">33228031152022</subfield>
    <subfield code="r">2024-09-26</subfield>
    <subfield code="w">2024-09-26</subfield>
    <subfield code="y">BK</subfield>
  </datafield>
  <datafield tag="952" ind1=" " ind2=" ">
    <subfield code="0">0</subfield>
    <subfield code="1">0</subfield>
    <subfield code="2">ddc</subfield>
    <subfield code="4">0</subfield>
    <subfield code="7">0</subfield>
    <subfield code="8">F</subfield>
    <subfield code="a">THANPL</subfield>
    <subfield code="b">THANPL</subfield>
    <subfield code="c">FIC</subfield>
    <subfield code="d">2025-05-26</subfield>
    <subfield code="g">280.00</subfield>
    <subfield code="l">0</subfield>
    <subfield code="o">EF LEWI</subfield>
    <subfield code="p">3322803174215</subfield>
    <subfield code="r">2025-05-26</subfield>
    <subfield code="w">2025-05-26</subfield>
    <subfield code="y">BK</subfield>
  </datafield>
  <datafield tag="952" ind1=" " ind2=" ">
    <subfield code="0">0</subfield>
    <subfield code="1">0</subfield>
    <subfield code="2">ddc</subfield>
    <subfield code="4">0</subfield>
    <subfield code="7">0</subfield>
    <subfield code="a">MASHML</subfield>
    <subfield code="b">MASHML</subfield>
    <subfield code="d">2025-08-19</subfield>
    <subfield code="l">0</subfield>
    <subfield code="o">EF LEWI</subfield>
    <subfield code="p">3228200023894</subfield>
    <subfield code="r">2025-08-19</subfield>
    <subfield code="w">2025-08-19</subfield>
    <subfield code="y">BOOK</subfield>
  </datafield>
  <datafield tag="952" ind1=" " ind2=" ">
    <subfield code="0">0</subfield>
    <subfield code="1">0</subfield>
    <subfield code="2">ddc</subfield>
    <subfield code="4">0</subfield>
    <subfield code="7">0</subfield>
    <subfield code="a">MASHML</subfield>
    <subfield code="b">MASHML</subfield>
    <subfield code="d">2025-08-19</subfield>
    <subfield code="l">0</subfield>
    <subfield code="o">EF LEWI</subfield>
    <subfield code="p">3228200023887</subfield>
    <subfield code="r">2025-08-19</subfield>
    <subfield code="w">2025-08-19</subfield>
    <subfield code="y">BOOK</subfield>
  </datafield>
</record>
